| 000 | 00748nam a2200193 a 4500 | ||
|---|---|---|---|
| 001 | 54666 | ||
| 005 | 20180714045625.0 | ||
| 008 | 140415s2001 000 0 eng d | ||
| 020 | _a0130165832 | ||
| 041 | _aeng | ||
| 082 |
_a338.5 _bPIN |
||
| 100 | 1 | _aPindyck, Robert S.,. | |
| 245 | 1 | 0 | _aMICROECONOMICS |
| 250 | _a5ed. | ||
| 260 |
_a[s.l.] : _bPRENTICE HALL, INC.,, _c2001 |
||
| 300 |
_a647 _c20.7 x 3 x 26 |
||
| 520 | _aMICROECONOMIC ES ONE OF THE MOST RELEVANT AND INTERESTING SUBJECTS THEY CA STUDY, IS A GOOD GRASP OF MICROECONOMICS IS VITAL FOR MANAGERIAL DECISION MAKING, FOR DESIGNING AND UNDERSTANDING PUBLIC POLICY, AND MORE GENERALLY FOR APPRECITIATING HOW A MODERN ECONOMY FUNCTIONS. | ||
| 650 | 1 | 4 | _aMICROECONOMIA |
| 999 |
_c54666 _d54666 |
||